00893nam a2200241 4500999001500000001000600015003000900021005001700030008004100047020001800088040003800106082002000144245012000164250000800284260003900292300003400331504005100365650004100416650003500457700002000492942001200512952012700524 c8300d830021831BD-DhUAP20230603111040.0230528b20222011bg ab||| |||| 001 0aeng d a9789845063982 aBD-DhUAPbENGcBD-DhUAPdBD-DhUAP 222a551.457 MOV aMoving coastlines :bemergence and use of land in the Ganges-Brahmaputra-Meghna estuary /cedited by Koen de Wilde. a2nd aDhaka :bUniversity Press,cc2011. axxvi, 320 p. :bill. ;c24 cm aIncludes bibliographical references and index. aCoastal zone managementzBangladesh. aEstuarine ecologyzBangladesh. aWilde, Koen de, 2ddccBK 00102ddc4070aUAPCLbUAPCLcGeneral Stacksd2023-05-28o551.457 MOVp3010021831r2023-05-28t1v2000.00w2023-05-28yBK